| 000 | 00649nam a22002057a 4500 | ||
|---|---|---|---|
| 005 | 20150124123936.0 | ||
| 008 | 121023t mx||||| |||| 00| 0 spa d | ||
| 020 | _a9681614429 | ||
| 050 | 0 | 4 |
_aQ125 _bG72 1983 |
| 100 | 1 | _aGrant, Edward | |
| 245 | 1 | 0 |
_aLa Ciencia física en la edad media / _cEdward Grant ; tr. Adalberto Weinberger. |
| 250 | _a1a ed. | ||
| 260 |
_aMéxico : _bFondo de Cultura Económica, _c1983 |
||
| 300 |
_a241 p. : _c17 cm. |
||
| 490 |
_a(Breviario ; fondo de cultura economica ) _vV. 352 |
||
| 504 | _aIncluye ìndice | ||
| 650 | 7 |
_2Lemb _aCiencia _xHistoria |
|
| 700 | 1 |
_aWeinberger, Adalberto, _etr. |
|
| 942 |
_2ddc _cLIB |
||
| 999 |
_c34061 _d34061 |
||